000 01391nam a2200313 a 4500
001 22057
003 BD-RjUL
005 20211209000748.0
008 140306s1905 enkh 001 0 eng d
035 _a06-14042
035 _a(BD-RjUL)22122
040 _aDLC
_cWOO
_dSER
_dEQO
_dBD-RjUL
_beng
041 _aeng
082 _a822.3
_bGRP
100 1 _aGreene, Robert,
_d1558-1592.
_955658
245 1 4 _aThe plays & poems of Robert Greene /
_cedited with introductions and notes, by J. Churton Collins.
_nVolume I
246 3 _aPlays and poems of Robert Greene
260 _aOxford :
_bClarendon Press,
_c1905.
300 _axi, 319 p. :
_bfront. (fold. facsims.) ;
_c23 cm.
500 _aWith reproductions of the original title-pages.
505 0 _av. 1. General introduction. Alphonsus. A looking glasse, Orlando Furioso. Appendix to Orlando furioso (the Alleyn ms.) Notes to plays.--v. 2. Frier Bacon and Frier Bongay. James the Fourth. The pinner of Wakefield. A maidens dreame. Poems from the novels. Notes to plays and poems. Appendix: England's Parnassus. Glossarial index. General index.
650 0 _aEnglish drama
_yEarly modern and Elizabethan, 1500-1600.
_92066
650 0 _aEnglish poetry
_yEarly modern, 1500-1700.
_94392
700 1 _aCollins, John Churton,
_d1848-1908.
_9241598
942 _2ddc
_cBK
999 _c22057
_d22057